| 000 | 00781nam a2200253 a 4500 | ||
|---|---|---|---|
| 001 | 76859 | ||
| 003 | BD-RjUL | ||
| 005 | 20211209082910.0 | ||
| 008 | 200128s1953 nyu 000 0 eng | ||
| 035 | _a(BD-RjUL)77083 | ||
| 035 | _a(OCoLC)1465165 | ||
| 040 |
_aDLC _cFM _dDLC _dBD-RjUL _beng |
||
| 041 | _aeng | ||
| 082 |
_a813.5 _bCHF 1953 |
||
| 100 | 1 |
_aChamberlain, Elinor. _9238488 |
|
| 245 | 1 | 4 |
_aThe far command / _cElinor Chamberlain |
| 260 |
_aNew York : _bBallantine Books, _c1953 |
||
| 300 |
_a244 p.; _c21 cm. |
||
| 500 | _a"A condensed version...published in the Star weekly, Toronto, Canada, January 12, 1952, under the title The bamboo plow." | ||
| 600 |
_aChamberlain, Elinor _9238494 |
||
| 942 |
_2ddc _cBK |
||
| 999 |
_c76859 _d76859 |
||